[Event "IMA Classic"]
[Site "Gausdal NOR"]
[Date "2004.09.28"]
[Round "8"]
[White "Hunt,H"]
[Black "Saevareid,O"]
[Result "1/2-1/2"]
[WhiteElo "2385"]
[BlackElo "2188"]

1.e4 c5 2.Nf3 Nc6 3.d4 cxd4 4.Nxd4 Qb6 5.Nb3 Nf6 6.Nc3 e6 7.Bd3 a6 8.O-O Be7
9.Be3 Qc7 10.f4 d6 11.Qf3 O-O 12.Rae1 Nb4 13.g4 Nd7 14.g5 b5 15.Qh5 g6 16.Qh4 Re8
17.Rf3 Nxd3 18.cxd3 Bb7 19.Bd4 h5 20.Ne2 e5 21.fxe5 Nxe5 22.Bxe5 dxe5 23.Ref1 Rf8
24.Kh1 Bc8 25.Nc3 Be6 26.Nd5 Bxd5 27.exd5 Qd8 28.Qe4 Qd6 29.h4 Rad8 30.Na5 Rd7
31.Nc6 Bd8 32.Nxe5 Bc7 33.d4 Qxd5 34.Nxd7 Qxd7 35.Re1 Bd6 36.Kg2 Rc8 37.Re2 Bb8
38.Rc3 Rf8 39.Rc6 a5 40.d5 b4 41.b3 Bd6 42.Rec2 Kh7 43.Qf3 Kg8 44.Re2 Ra8
45.Qh3 Qd8 46.Rec2 Qe7 47.Rc8+ Rxc8 48.Rxc8+ Kh7 49.Qf3 Qd7 50.Rc6 Kg8 51.Ra6 Qc7
52.Rc6 Qd7 53.Qe4 Kh7 54.Rc2 Bc7 55.Rf2 Kg8 56.Rf3 Bd6 57.Kf1 a4 58.Ke2 axb3
59.axb3 Qa7 60.Kd3 Qa6+ 61.Kd2 Qa2+ 62.Qc2 Qa1 63.Kd3 Qh1 64.Qc8+ Kg7 65.Rxf7+ Kxf7
66.Qe6+ Kg7 67.Qxd6 Qh3+ 68.Kd2 Qc3+ 69.Ke2 Qc2+ 70.Ke1 Qc1+ 71.Ke2 Qc2+
72.Ke1 Qc1+ 73.Ke2 Qc2+  1/2-1/2

[Event "TCh-Vojvodina"]
[Site "Sombor SCG"]
[Date "2004.09.30"]
[Round "8"]
[White "Popov,I SCG"]
[Black "Mujagic,R"]
[Result "1/2-1/2"]
[WhiteElo "2255"]
[BlackElo "2339"]

1.e4 c5 2.Nf3 Nc6 3.d4 cxd4 4.Nxd4 Qc7 5.Nc3 e6 6.Be2 a6 7.O-O Nf6 8.Be3 b5
9.Nxc6 dxc6 10.a3 e5 11.f3 Nd7 12.Qe1 Bc5 13.Bxc5 Nxc5 14.Qf2 Ne6 15.a4 b4
16.Nd1 O-O 17.Ne3 Nf4 18.Bc4  1/2-1/2

[Event "19th Open"]
[Site "Le Touquet FRA"]
[Date "2004.10.25"]
[Round "1"]
[White "Quach,C"]
[Black "Goloshchapov,A"]
[Result "0-1"]
[WhiteElo "2161"]
[BlackElo "2566"]

1.e4 c5 2.Nf3 Nc6 3.d4 cxd4 4.Nxd4 Qb6 5.Nb3 Nf6 6.Nc3 e6 7.Be3 Qc7 8.a3 a6
9.f4 d6 10.Be2 b5 11.O-O Bb7 12.Bf3 Be7 13.Qe2 O-O 14.g4 Rfe8 15.g5 Nd7 16.Bg2 Bf8
17.Qf2 Rac8 18.Rad1 b4 19.axb4 Nxb4 20.Rd2 d5 21.exd5 Nxd5 22.Nxd5 Bxd5 23.Bxd5 exd5
24.Bd4 Re4 25.Bc3 Nc5 26.Kg2 Ne6 27.Be5 Bd6 28.Rxd5 Bxe5  0-1

[Event "World Seniors"]
[Site "Halle GER"]
[Date "2004.10.26"]
[Round "3"]
[White "Klovans,J"]
[Black "Liebert,H"]
[Result "1-0"]
[WhiteElo "2455"]
[BlackElo "2293"]

1.e4 c5 2.Nf3 Nc6 3.d4 cxd4 4.Nxd4 Qc7 5.Nc3 e6 6.Be3 a6 7.Be2 Nf6 8.O-O Be7
9.f4 d6 10.Kh1 O-O 11.Qe1 Bd7 12.Qg3 b5 13.a3 Nxd4 14.Bxd4 Bc6 15.Rae1 g6
16.f5 e5 17.Be3 d5 18.exd5 Nxd5 19.Nxd5 Bxd5 20.Bf3 Bxf3 21.Qxf3 f6 22.c3 Rad8
23.Bh6 Rfe8 24.Qg3 Kf7 25.fxg6+ hxg6 26.Rxe5 Bd6 27.Rxf6+  1-0

[Event "Open"]
[Site "Liberec CZE"]
[Date "2004.10.26"]
[Round "4"]
[White "Agacinski,T"]
[Black "Peniska,P"]
[Result "0-1"]
[WhiteElo "2196"]
[BlackElo "2019"]

1.e4 c5 2.Nf3 Nc6 3.d4 cxd4 4.Nxd4 Qc7 5.Nxc6 bxc6 6.Nc3 e6 7.f4 Bb4 8.e5 Ne7
9.Bd3 Nd5 10.Bd2 Nxc3 11.bxc3 Bc5 12.Rb1 a5 13.a4 Ba6 14.Bxa6 Rxa6 15.Ke2 Rb6
16.Be3 Bxe3 17.Kxe3 Rxb1 18.Qxb1 O-O 19.Rd1 f6 20.Rd6 fxe5 21.fxe5 Qa7+ 22.Rd4 Qc5
23.Qb7 Qxc3+ 24.Rd3 Qxe5+ 25.Kd2 Rf2+  0-1

[Event "4th Rohde Open"]
[Site "Sautron FRA"]
[Date "2004.10.27"]
[Round "5"]
[White "Chabradze,B"]
[Black "Andonov,B"]
[Result "0-1"]
[WhiteElo "2131"]
[BlackElo "2331"]

1.e4 c5 2.Nf3 Nc6 3.d4 cxd4 4.Nxd4 Qc7 5.Nc3 e6 6.Be3 Nf6 7.f3 a6 8.Qd2 b5
9.Nxc6 dxc6 10.O-O-O e5 11.g4 Be6 12.Kb1 Nd7 13.Qf2 Bb4 14.Bd2 Bc5 15.Be3 Bxe3
16.Qxe3 O-O-O 17.Be2 Qb6 18.Qxb6 Nxb6 19.Rxd8+ Rxd8 20.Rd1 Rh8 21.Rg1 Kc7
22.Nd1 Nd7 23.h4 Nf8 24.h5 h6 25.Nf2 Nh7 26.Nd3 Bc4 27.Nc1 Ng5 28.Rf1 Be6
29.Nd3 Bc4 30.Nc1 Be6 31.Nd3 f6 32.Kc1 Bc4 33.Kd2 Bxd3 34.cxd3 Ne6 35.Bd1 Rd8
36.Ke3 Nf4 37.Bc2 a5 38.a3 c5 39.Rd1 a4 40.Bb1 Kb6 41.Bc2 Ne6 42.Bb1 b4 43.Ba2 b3
44.Bb1 Rd4 45.Rc1 Kc6 46.Rc4 Kd6 47.Rc1 Ke7 48.Rc4 Kf7 49.Rc1 g6 50.hxg6+ Kxg6
51.Rh1 Rd8 52.Rh2 Rh8 53.Rh5 Rh7 54.Kd2 Rd7 55.Kc3 Rd4 56.Rh2 Nf4 57.Rd2 Kg5
58.Rh2 Ne6 59.Kd2 Kg6 60.Ke3 Rd7 61.Kd2 Nf4 62.Kc3 Rd4 63.Rd2 Nh3 64.Rh2 Ng1
65.Rf2 Kg5 66.Rf1 Nh3 67.Rh1 Nf4 68.Rh2 c4 69.Rd2 cxd3 70.Bxd3 Nxd3 71.Rxd3 Kf4
72.g5 Rxd3+  0-1

[Event "WYb16"]
[Site "Heraklio GRE"]
[Date "2004.11.04"]
[Round "1"]
[White "Kononenko,Dmitry1"]
[Black "Szekeres,R"]
[Result "1-0"]
[WhiteElo "2435"]
[BlackElo "2143"]

1.e4 c5 2.Nf3 Nc6 3.d4 cxd4 4.Nxd4 Qb6 5.Nb3 Nf6 6.Nc3 e6 7.Bd3 d6 8.O-O a6
9.a4 Bd7 10.a5 Qc7 11.Be3 Rc8 12.Na4 Ne5 13.Nb6 Rd8 14.f4 Ng6 15.c4 Be7 16.Rc1 O-O
17.Kh1 Bc6 18.Nd2 d5 19.cxd5 exd5 20.e5 d4 21.Bg1 Nd5 22.Nxd5 Rxd5 23.Be4 Rxa5
24.Nb3 Rb5 25.Nxd4 Rxb2 26.Bxc6 bxc6 27.Nxc6 Qb7 28.Bd4 Ra2 29.f5 Bg5 30.fxg6 Bxc1
31.Qxc1 hxg6 32.Qc4 Rd2 33.e6 Kh7 34.e7 Rg8 35.Be3  1-0

[Event "Acropolis GM"]
[Site "Athens GRE"]
[Date "2004.11.17"]
[Round "2"]
[White "Schmaltz,R"]
[Black "Kapnisis,S"]
[Result "1/2-1/2"]
[WhiteElo "2528"]
[BlackElo "2435"]

1.e4 c5 2.Nf3 Nc6 3.d4 cxd4 4.Nxd4 Qb6 5.Nb3 Nf6 6.Nc3 e6 7.Bd3 d6 8.O-O Be7
9.Kh1 a6 10.f4 Qc7 11.Qf3 O-O 12.Bd2 b5 13.Rae1 b4 14.Nd1 a5 15.Be3 Ba6 16.Nf2 Rfd8
17.g4 a4 18.Nd2 d5 19.e5 Nd7 20.Bxa6 Rxa6 21.Nd3 Rf8 22.Qe2 Qb7 23.Nf3 f6
24.exf6 Nxf6 25.Bc5 Ne4 26.Bxe7 Nxe7 27.Ng5 Rb6 28.Nxe4 dxe4 29.Qxe4 Qxe4+
30.Rxe4 Nd5 31.Rf2 a3 32.b3 Rfb8 33.Rc4 Ne3 34.Rc7 R6b7 35.Rxb7 Rxb7 36.Re2 Nd5
37.Re4 h6 38.h3 g5 39.fxg5 hxg5 40.Kg1 Kf7 41.Kf2 Kf6 42.Ke1 Rc7 43.Kd2 Rb7
44.Nc5 Re7 45.Rc4 Rh7 46.Ne4+ Kg6 47.Rc6 Rxh3 48.Rxe6+ Kg7 49.Re5 Rh2+ 50.Kd3 Nf4+
51.Kd4 Rxc2 52.Rxg5+ Ng6 53.Rb5 Rxa2 54.Rb7+ Kf8 55.Rxb4 Rc2 56.Ra4 a2 57.g5 Nf4
58.Ra7 Ne2+ 59.Kd3 Rb2 60.g6 Nc1+ 61.Kc4 Rg2 62.Nc3 Rg4+  1/2-1/2

[Event "Lushki B"]
[Site "Serpukhov RUS"]
[Date "2004.11.21"]
[Round "4"]
[White "Vorontsov,N"]
[Black "Kleiman,B"]
[Result "1-0"]
[WhiteElo "2347"]
[BlackElo "2316"]

1.e4 c5 2.Nf3 Nc6 3.d4 cxd4 4.Nxd4 Qc7 5.Nc3 e6 6.Be2 a6 7.O-O Nf6 8.Be3 d6
9.a4 Bd7 10.Kh1 Be7 11.f4 O-O 12.Qe1 Nxd4 13.Bxd4 Bc6 14.Qg3 g6 15.f5 e5
16.Be3 Kh8 17.Qh4 Rg8 18.Bg5 Qd8 19.Bc4 gxf5 20.Rxf5 Rxg5 21.Qxg5 Nxe4 22.Qe3 Nxc3
23.Qxc3 f6 24.Be6 Qe8 25.Qh3 Qg6 26.c4 a5 27.b3 Rf8 28.Re1 Be8 29.Re3 Qg7
30.Rg3 Bg6 31.Qg4 Re8 32.Rh5 Bf8 33.Qxg6 Qxg6 34.Rxg6 Rxe6 35.Rg3 Bg7 36.Kg1 Re8
37.Kf1 Rd8 38.Rd3 Kg8 39.Ke2 h6 40.Ke3 Kf7 41.Ke4 Ke6 42.Rg3 Rd7 43.Rd3 Bf8
44.g4 Rh7 45.Rf5 Be7 46.Rh3 Rg7 47.Rh4 Bf8 48.h3 Rc7 49.Rf3 Rc6 50.Rh5 Rb6
51.Rd3 Rb4 52.Rf5 b5 53.axb5 a4 54.bxa4 Rxa4 55.Ke3 Rxc4 56.Rb3 Rc7 57.b6 Rb7
58.Rf2 d5 59.Rc2 Bd6 60.Rb5 Kd7 61.Rd2 d4+ 62.Ke4 Kc6 63.Rb3 Bc5 64.Rf2 Be7
65.Rc2+ Bc5 66.Rf3  1-0

[Event "17th Belgrade Trophy"]
[Site "Obrenovac SCG"]
[Date "2004.11.22"]
[Round "1"]
[White "Dudukovic,N"]
[Black "Andonov,B"]
[Result "0-1"]
[WhiteElo "1968"]
[BlackElo "2331"]

1.e4 c5 2.Nf3 Nc6 3.d4 cxd4 4.Nxd4 Qc7 5.Nc3 e6 6.Be2 Nf6 7.O-O Be7 8.Be3 d6
9.f4 O-O 10.Qe1 Nxd4 11.Bxd4 e5 12.Be3 exf4 13.Rxf4 Be6 14.Qd2 a6 15.Nd5 Bxd5
16.exd5 Nd7 17.Rff1 Bf6 18.c4 Rfe8 19.Rab1 a5 20.b3 Re7 21.Rbe1 Bh4 22.g3 Rae8
23.Bf4 Bf6 24.Bd1 Be5 25.Bg5 Bf6 26.Rxe7 Rxe7 27.Be3 g6 28.Kg2 Bg7 29.Re1 Be5
30.Bg5 f6 31.Be3 h5 32.Bc2 f5 33.Bf2 Nf6 34.h3 Kg7 35.Bb1 a4 36.Qb4 axb3
37.axb3 h4 38.gxh4 Nh5 39.Re3 Nf4+ 40.Kf1 Rf7 41.Qd2 Nh5 42.Rf3 Kh7 43.Qd1 Bf4
44.Qd4 Bh6 45.Qd1 Qe7 46.Qd4 Bg7 47.Qe3 Qf8 48.b4 Re7 49.Qd3 Qf6 50.c5 Qb2
51.cxd6  0-1

[Event "Acropolis IM Open"]
[Site "Athens GRE"]
[Date "2004.11.24"]
[Round "9"]
[White "Klokas,K"]
[Black "Shahtahtinsky,A"]
[Result "0-1"]
[WhiteElo "2221"]
[BlackElo "2307"]

1.e4 c5 2.Nf3 Nc6 3.d4 cxd4 4.Nxd4 Qb6 5.Nb3 Nf6 6.Nc3 d6 7.Be3 Qc7 8.f3 e6
9.Qd2 a6 10.g4 b5 11.g5 Ne5 12.O-O-O Nfd7 13.f4 Nc4 14.Bxc4 Qxc4 15.Rhe1 Be7
16.f5 b4 17.Ne2 Ne5 18.Ned4 a5 19.Kb1 Qa6 20.Qg2 Bd7 21.g6 hxg6 22.fxe6 fxe6
23.Bf4 O-O-O 24.Bxe5 dxe5 25.Nf3 a4 26.Nc1 Bf6 27.Qg1 Bc6 28.Nd3 Qb5 29.Qxg6 b3
30.axb3 axb3 31.Ndxe5 bxc2+ 32.Kxc2 Qa4+ 33.b3 Qa2+ 34.Kc3 Rxd1 35.Rxd1 Rxh2
36.Rd6 Qa5+ 37.Kd3 Qb5+ 38.Ke3 Re2+ 39.Kf4 Rxe4+ 40.Qxe4 Bxe4 41.Kxe4 Qe2+
42.Kd4 Qxf3  0-1

[Event "Lushki A"]
[Site "Serpukhov RUS"]
[Date "2004.11.24"]
[Round "8"]
[White "Shabanov,D"]
[Black "Gasanov,E"]
[Result "0-1"]
[WhiteElo "2153"]
[BlackElo "2445"]

1.e4 c5 2.Nf3 Nc6 3.d4 cxd4 4.Nxd4 Qb6 5.Nb3 Nf6 6.Nc3 e6 7.Be3 Qc7 8.a3 a6
9.f4 d6 10.Be2 b5 11.g4 Rb8 12.Qd2 b4 13.axb4 Nxb4 14.O-O Bb7 15.Bf3 d5 16.exd5 Nfxd5
17.Nxd5 Bxd5 18.Bxd5 Nxd5 19.Bd4 Bb4 20.Qe2 Bd6 21.f5 O-O 22.fxe6 Nf4 23.exf7+ Rxf7
24.Rxf4 Rxf4 25.Rxa6 Qd7 26.h3 Rxb3 27.Qc4+ Qf7 28.Qxf7+ Kxf7 29.Rxd6 Rxh3
30.b4 Rg3+ 31.Kh2 Rgxg4 32.c3 Rg5 33.Kh3 Rf1 34.Kh2 Rf4 35.Kh3 h5 36.Rd7+ Kf8
37.b5 Rxb5 38.Bxg7+ Ke8 39.Ra7 Rg4 40.Bd4 Rb1 41.Kh2 Rb2+ 42.Kh3 Rb3 43.Kh2 Rb5
44.Kh3 Rf5 45.Rh7 Rf3+ 46.Kh2 h4 47.Rg7 Re4 48.Kg2 Rd3 49.Kf2 h3 50.Kg1 Re1+
51.Kh2 Rd2+ 52.Kxh3 Rh1+  0-1

[Event "17th Belgrade Trophy"]
[Site "Obrenovac SCG"]
[Date "2004.11.29"]
[Round "8"]
[White "Predojevic,B"]
[Black "Andonov,B"]
[Result "1/2-1/2"]
[WhiteElo "2509"]
[BlackElo "2331"]

1.e4 c5 2.Nf3 Nc6 3.d4 cxd4 4.Nxd4 Qc7 5.Nc3 e6 6.Be3 Nf6 7.Qd2 a6 8.O-O-O b5
9.Bf4 Qb6 10.e5 Qxd4 11.Qxd4 Nxd4 12.Rxd4 b4 13.Na4 Nd5 14.Bg3 Bb7 15.Bc4 Rb8
16.Rhd1 Bc6 17.b3 a5 18.Bxd5 Bxd5 19.Rxd5 exd5 20.Rxd5 Ra8 21.Nb6 Ra7 22.Nc4 a4
23.Rb5 f5 24.Rb8+ Kf7 25.Nd6+ Kg6 26.Nc8 Ra5 27.Ne7+ Kg5 28.h4+ Kg4 29.Rxb4+ Kh5
30.Rb8 g6 31.Kb2 Bg7 32.Rxh8 Bxh8 33.b4 Ra8 34.Nd5 d6 35.Nf6+ Kh6 36.c4 g5
37.hxg5+ Kxg5 38.f4+ Kh6 39.Bf2 Bxf6 40.exf6 Re8 41.Bd4 Kg6 42.b5 h5 43.b6 Kf7
44.Ka3 Rg8 45.Kxa4 Rxg2 46.b7 Rg8 47.Ka5 h4 48.Ka6 h3 49.Bg1 Rxg1 50.b8=Q h2
51.Qc7+ Kxf6 52.Qxd6+ Kg7 53.Qd7+ Kf6 54.Qd8+ Kg7 55.Qd7+ Kf6 56.Qd6+ Kg7
57.Qe7+ Kg8  1/2-1/2

[Event "TCh-SLO"]
[Site "Celje SLO"]
[Date "2004.12.02"]
[Round "5"]
[White "Sakelsek,T"]
[Black "Simic,Draga SLO"]
[Result "1-0"]
[WhiteElo "2425"]
[BlackElo "2293"]

1.e4 c5 2.Nf3 Nc6 3.d4 cxd4 4.Nxd4 Qc7 5.Nc3 e6 6.Be3 a6 7.Qd2 Nf6 8.O-O-O Bb4
9.f3 Na5 10.Nb3 d5 11.Kb1 Nxb3 12.cxb3 dxe4 13.Nb5 Qe7 14.Nc7+ Qxc7 15.Qxb4 Nd5
16.Qxe4 Nxe3 17.Qxe3 O-O 18.Bd3 Rd8 19.h4 Bd7 20.Qe4 f5 21.Qe3 Re8 22.g4 Kh8
23.h5 h6 24.Rhg1 Bb5 25.Bxb5 axb5 26.g5 f4 27.Qe4 hxg5 28.Rxg5 Rad8 29.Rh1 Rg8
30.Qg6  1-0

[Event "Open"]
[Site "Porec HUN"]
[Date "2004.12.04"]
[Round "5"]
[White "Ugulin,S"]
[Black "Loncar,R"]
[Result "0-1"]
[WhiteElo "2151"]
[BlackElo "2385"]

1.e4 c5 2.Nf3 Nc6 3.d4 cxd4 4.Nxd4 Qb6 5.Nb3 Nf6 6.Nc3 e6 7.Be3 Qc7 8.f3 a6
9.Qd2 b5 10.O-O-O Bb4 11.a3 Be7 12.Bf4 Ne5 13.Qd4 Nd3+ 14.Bxd3 Qxf4+ 15.Kb1 O-O
16.e5 Qxd4 17.Nxd4 Ne8 18.f4 f6 19.Rhf1 Rb8 20.Nb3 fxe5 21.fxe5 Rxf1 22.Rxf1 Bb7
23.Ne4 Rc8 24.g3 Bd5 25.h4 d6 26.exd6 Nxd6 27.Nc3 Bc4 28.Bxc4 Nxc4 29.Ne4 Rd8
30.Re1 Rd5 31.Nc3 Rd6 32.Ne4 Rb6 33.Ng5 Bxg5 34.hxg5 e5 35.Nc5 Rc6 36.Nd3 e4
37.Nf4 Rc5 38.Kc1 e3 39.Nd3 Kf8 40.b3 Nd2 41.Rxe3 Nf1 42.Re6 Nxg3 43.Rxa6 h5
44.gxh6  0-1

[Event "ch-GRE"]
[Site "Athens GRE"]
[Date "2004.12.05"]
[Round "2"]
[White "Tsanas,A"]
[Black "Kapnisis,S"]
[Result "1-0"]
[WhiteElo "2283"]
[BlackElo "2435"]

1.e4 c5 2.Nf3 Nc6 3.d4 cxd4 4.Nxd4 Qb6 5.Nb3 Nf6 6.Nc3 e6 7.Bd3 d6 8.O-O a6
9.a4 Qc7 10.a5 Be7 11.Be3 O-O 12.f4 Nb4 13.Qe2 Bd7 14.Bb6 Qb8 15.e5 Nfd5
16.Nxd5 Nxd5 17.Bd4 g6 18.Nd2 dxe5 19.fxe5 Nb4 20.Ne4 Nxd3 21.cxd3 Bc6 22.Nf6+ Bxf6
23.Rxf6 Qd8 24.Bc5 Qd5 25.d4 Rad8 26.Qf2 Bb5 27.Ra3 Qe4 28.h3 Qb1+ 29.Kh2 Bd3
30.Rb3 Be4 31.Rc3 Bc6 32.Rg3 Kg7 33.Rg4 Be4 34.Rgf4 Bf5 35.g4 g5 36.gxf5 gxf4
37.Bxf8+ Kxf8 38.fxe6 Rc8 39.Rxf7+ Ke8 40.Qxf4 Rc2+ 41.Kg3 Qe1+ 42.Kg4 Qd1+
43.Kh4 Qe1+ 44.Kh5  1-0

[Event "It"]
[Site "Legnica POL"]
[Date "2004.12.08"]
[Round "8"]
[White "Izbinski,B"]
[Black "Laznicka,V"]
[Result "0-1"]
[WhiteElo "2289"]
[BlackElo "2478"]

1.e4 c5 2.Nf3 Nc6 3.d4 cxd4 4.Nxd4 Qb6 5.Nb3 Nf6 6.Nc3 e6 7.Be3 Qc7 8.Bd3 d6
9.O-O a6 10.Re1 Be7 11.Ne2 O-O 12.c4 Ne5 13.Rc1 b6 14.f3 Bb7 15.Nbd4 Rac8
16.b3 Kh8 17.Bb1 Rg8 18.Nc3 g5 19.Kh1 Rg6 20.Nde2 Rcg8 21.Qd4 Nfd7 22.Red1 R8g7
23.Na4 Nc5 24.Nb2 Rh6 25.b4 d5 26.Bg1 dxe4 27.fxe4 Ng4 28.e5 Nxe5 29.Qf2 Ncd7
30.Qg3 f5 31.Rxd7 Qxd7 32.Qxe5 Bf6 33.Qb8+ Rg8 34.Rd1 Bxg2+  0-1

[Event "ch-GRE w"]
[Site "Athens GRE"]
[Date "2004.12.12"]
[Round "9"]
[White "Stefanidi,M"]
[Black "Botsari,A"]
[Result "1/2-1/2"]
[WhiteElo "2092"]
[BlackElo "2362"]

1.e4 c5 2.Nf3 Nc6 3.d4 cxd4 4.Nxd4 Qc7 5.Nc3 e6 6.Nxc6 Qxc6 7.Bd3 a6 8.O-O b5
9.e5 f5 10.exf6 Nxf6 11.Re1 Bb7 12.Ne4 O-O-O 13.Qe2 Be7 14.f4 Nxe4 15.Bxe4 Qxe4
16.Qxe4 Bxe4 17.Rxe4 Bf6 18.c3 Kb7 19.a4 Ra8 20.Be3 Rhe8 21.Bf2 Kc6 22.Rae1 Reb8
23.R1e2 Rb7 24.Bg3 a5 25.Rd2 bxa4 26.Rxa4 d5 27.Bf2 Kb5 28.Ra1 Kc6 29.Re1 Kd6
30.Bg3 Rb5 31.Red1 Rc8 32.Re2 Kd7 33.Bf2 Rc4 34.g3 a4 35.Bd4 Bxd4+ 36.cxd4 Rbb4
37.Red2 Rb3 38.Re1 g6 39.Kf2 Rcb4 40.Ree2 h5 41.h4 Rc4 42.Re5 Rcb4 43.Ree2 Ke7
44.Kg2 Kf7 45.Kf2 Kf6 46.Kg2 Rc4 47.Re1 Kf7 48.Re5 Rbb4 49.Rde2 Rc6 50.Rd2 Kf6
51.Kf2 Rcb6 52.Ree2 Rc4 53.Re5 Rb3 54.Rde2 Rc6 55.Rd2 a3 56.bxa3 Rcc3 57.Rde2 Rf3+
58.Kg2 Rxg3+ 59.Kh2 Rh3+ 60.Kg2 Rhg3+ 61.Kh2 Rh3+ 62.Kg2  1/2-1/2

[Event "Open"]
[Site "Zadar CRO"]
[Date "2004.12.14"]
[Round "3"]
[White "Rogic,D"]
[Black "Plenkovic,Z"]
[Result "1-0"]
[WhiteElo "2482"]
[BlackElo "2240"]

1.e4 c5 2.Nf3 Nc6 3.d4 cxd4 4.Nxd4 Qc7 5.Nc3 e6 6.Be2 a6 7.O-O Nf6 8.Be3 h5
9.h3 b5 10.Nxc6 dxc6 11.Bf3 Bb7 12.Qe2 O-O-O 13.a4 b4 14.Nb1 Ng4 15.Bxg4 hxg4
16.Qxg4 c5 17.Nd2 Be7 18.Rad1 Qc6 19.f3 g5 20.Nc4 Rdf8 21.Qg3 f5 22.exf5 exf5
23.Bxg5 Rhg8 24.h4 Rg6 25.Qf4 Bxg5 26.hxg5 Qxa4 27.Rd6 Qe8 28.Nb6+  1-0

[Event "Open"]
[Site "Zadar CRO"]
[Date "2004.12.16"]
[Round "5"]
[White "Rogic,D"]
[Black "Bilobrk,F"]
[Result "1/2-1/2"]
[WhiteElo "2482"]
[BlackElo "2328"]

1.e4 c5 2.Nf3 Nc6 3.d4 cxd4 4.Nxd4 Qc7 5.Nc3 e6 6.Be2 a6 7.O-O Nf6 8.Be3 Be7
9.f4 d6 10.a4 O-O 11.Kh1 Re8 12.Bf3 Bf8 13.Qd2 Nxd4 14.Bxd4 e5 15.Be3 exf4
16.Bxf4 Be6 17.Rad1 Rad8 18.Qf2 Nd7 19.Rd2 Ne5 20.Nd5 Bxd5 21.Rxd5 Rc8 22.c3 g6
23.Bd1 Bg7 24.Bb3 Re7 25.Bg5 Rd7 26.h3 Re8 27.Rd4 b5 28.axb5 axb5 29.Bd5 Nc4
30.Rdd1 Nb6 31.Rfe1 Nxd5 32.exd5 Re5 33.Bf4 Rxe1+ 34.Rxe1 Re7 35.Ra1 Qb8
36.Ra6 Be5 37.Bxe5 Rxe5 38.Qd4 Qd8 39.b3 h5 40.c4 bxc4 41.bxc4 Qf6 42.Kh2 h4
43.Ra3 Qg5 44.Rf3 Re2 45.Rf2 Qg3+ 46.Kg1 Re1+ 47.Rf1 Re2 48.Rf2 Re5 49.Rf3 Re1+
50.Rf1 Re2  1/2-1/2

[Event "Open"]
[Site "Zadar CRO"]
[Date "2004.12.17"]
[Round "7"]
[White "Fercec,N"]
[Black "Bilobrk,F"]
[Result "0-1"]
[WhiteElo "2477"]
[BlackElo "2328"]

1.e4 c5 2.Nf3 Nc6 3.d4 cxd4 4.Nxd4 Qc7 5.Nc3 e6 6.Be3 a6 7.Qd2 Nf6 8.O-O-O Bb4
9.f3 Ne5 10.Nb3 b5 11.Kb1 Be7 12.Qf2 O-O 13.g4 d6 14.g5 Nfd7 15.h4 Bb7 16.h5 b4
17.Ne2 d5 18.g6 dxe4 19.h6 fxg6 20.Bh3 Rf5 21.Bxf5 exf5 22.hxg7 exf3 23.Qh2 Nf6
24.Ned4 Bd6 25.Bf4 Re8 26.Qh4 Qe7 27.Bg5 Neg4 28.Na5 Be4 29.Nc4 Bc7 30.Nd2 Qxg7
31.Bxf6 Nxf6 32.N4xf3 Bd5 33.Qxb4 Rb8 34.Qd4 Bb6 35.Qd3 Qb7 36.b3 Rd8 37.Qc3 Ng4
38.Rhe1 Rc8 39.Qb4 Ne3 40.Rc1 a5 41.Qb5 Bc6 42.Qe5 Re8 43.Qf6 Bxf3 44.Nxf3 Bd8
45.Qd6 Qxf3 46.Qd7 Qe4 47.Re2 Bf6 48.Rd1 Qe5 49.c3 Qe4+ 50.Rd3 f4 51.Kc1 Rd8  0-1

[Event "Amplico AIG Life Semifinal"]
[Site "Warsaw POL"]
[Date "2004.12.19"]
[Round "1"]
[White "Socko,B"]
[Black "Jaracz,P"]
[Result "1-0"]
[WhiteElo "2570"]
[BlackElo "2531"]

1.e4 c5 2.Nf3 Nc6 3.d4 cxd4 4.Nxd4 Qc7 5.Nc3 e6 6.Be3 a6 7.a3 Nf6 8.Be2 Na5
9.f4 d6 10.g4 b5 11.g5 Nd7 12.Bf3 Nc4 13.Bc1 g6 14.Nde2 Bg7 15.O-O h6 16.gxh6 Bxh6
17.b3 Na5 18.Bb2 Bg7 19.Nxb5 Qb6+ 20.Bd4 Bxd4+ 21.Nbxd4 e5 22.Kh1 exd4 23.Nxd4 Bb7
24.Qd2 Nc6 25.Ne2 Ne7 26.Rad1 Rc8 27.c4 Nc5 28.Qd4 Rh7 29.b4 Na4 30.c5 dxc5
31.Qd7+ Kf8 32.Qxa4 c4 33.Qd7 c3 34.Qd4 Qe6 35.Nxc3 Qh3 36.Rf2 Nf5 37.Qd3 Rxc3
38.Qxc3 Qh4 39.exf5 Qxf2 40.Rd8+ Ke7 41.Qc7+ Kf6 42.Qe5+  1-0

[Event "1st GM"]
[Site "Mataro ESP"]
[Date "2004.12.26"]
[Round "1"]
[White "Lopez Martinez,J"]
[Black "Comas Fabrego,L"]
[Result "1-0"]
[WhiteElo "2481"]
[BlackElo "2509"]

1.e4 c5 2.Nf3 Nc6 3.d4 cxd4 4.Nxd4 Qc7 5.Nc3 e6 6.Be3 a6 7.Qd2 Nf6 8.O-O-O Bb4
9.f3 Ne5 10.Nb3 b5 11.Qe1 Nc4 12.Bd4 Bb7 13.Qg3 Qxg3 14.hxg3 Rc8 15.Bxc4 bxc4
16.Nd2 d6 17.Na4 e5 18.c3 exd4 19.cxb4 Nd7 20.Rh5 Bc6 21.Ra5 Bb5 22.Nb1 Ne5
23.Nb6 Rb8 24.Nd5 Nd3+ 25.Kc2 Bc6 26.a3 O-O  1-0

[Event "20th Open"]
[Site "Nice FRA"]
[Date "2004.12.26"]
[Round "1"]
[White "Ter Sarkissoff,J"]
[Black "Hamdouchi,H"]
[Result "0-1"]
[WhiteElo "2128"]
[BlackElo "2575"]

1.e4 c5 2.Nf3 Nc6 3.d4 cxd4 4.Nxd4 Qb6 5.Nb3 Nf6 6.Nc3 e6 7.Be3 Qc7 8.a3 a6
9.g4 d6 10.g5 Nd7 11.f4 b5 12.Rg1 Bb7 13.Qd2 Rc8 14.Qf2 g6 15.Rg3 Bg7 16.Rh3 b4
17.axb4 Nxb4 18.e5 dxe5 19.Ra4 Bf8 20.fxe5 Qxe5 21.Kd1 Qd6+ 22.Kc1 Be7 23.Bg2 Bxg2
24.Qxg2 Qe5 25.Kb1 O-O 26.Bc1 Rfd8 27.Nd2 Nb6 28.Nf3 Qf5 29.Nh4 Qc5 30.Be3 Qd6
31.Ne4 Qd1+ 32.Bc1 Rxc2  0-1

[Event "20th Open"]
[Site "Nice FRA"]
[Date "2004.12.27"]
[Round "2"]
[White "Lamorelle,J"]
[Black "Maze,S"]
[Result "0-1"]
[WhiteElo "2202"]
[BlackElo "2464"]

1.e4 c5 2.Nf3 Nc6 3.d4 cxd4 4.Nxd4 Qb6 5.Nb3 Nf6 6.Nc3 e6 7.Be3 Qc7 8.Bd3 a6
9.O-O b5 10.f4 d6 11.Nd4 Bb7 12.a3 Be7 13.Nxc6 Bxc6 14.f5 e5 15.Bg5 Nd7 16.Bxe7 Kxe7
17.Be2 Nf6 18.Bf3 a5 19.Qd3 b4 20.Ne2 Rhb8 21.g4 Bb5 22.Qd2 Bxe2 23.Qxe2 bxa3
24.bxa3 Rb2 25.g5 Nd7 26.Rf2 Rc8 27.Rc1 Qc4 28.Qe3 Qc5 29.Qxc5 Rxc5 30.c4 Rb7
31.Bg4 f6 32.Rd2 fxg5 33.Rd5 Rxd5 34.cxd5 Nc5 35.Rc4 Rb3 36.a4 Rb4 37.Rxb4 axb4
38.Bd1 Nxe4 39.Kf1 Kd7 40.Kg1 Kc7 41.Bc2 Nc3 42.Bb3 Kb6 43.Kf2 Ka5 44.Ke3 Nxa4
45.Kf3 Nc5 46.Bc2 h5  0-1

[Event "Open"]
[Site "Pamplona ESP"]
[Date "2004.12.27"]
[Round "7"]
[White "Perez Perez,M"]
[Black "Ivanov,J"]
[Result "1/2-1/2"]
[WhiteElo "2026"]
[BlackElo "2395"]

1.e4 c5 2.Nf3 Nc6 3.d4 cxd4 4.Nxd4 Qb6 5.Nb3 Nf6 6.Nc3 e6 7.Be3 Qc7 8.g3 a6
9.Bg2 d6 10.O-O b5 11.h3 Bb7 12.Re1 Be7 13.f4 O-O 14.g4 Rfe8 15.Qf3 Rab8
16.g5 Nd7 17.Qf2 Ba8 18.Rad1 Bf8 19.Ne2 a5 20.Ng3 g6 21.f5 Nde5 22.a3 Nc4
23.Bc1 a4 24.Nd4 Nxd4 25.Rxd4 e5 26.Rd3 b4 27.h4 bxa3 28.bxa3 d5 29.Kh2 Bc5
30.Qe2 Nd6 31.f6 d4 32.h5 Bc6 33.hxg6 fxg6 34.Qg4 Qf7 35.Nf5 gxf5 36.exf5 Bxg2
37.Kxg2 e4 38.Rh3 e3 39.Rxh7 Qd5+ 40.Kg1 Qxf5 41.Rg7+ Kf8 42.Qh5 Qf2+ 43.Kh1 Qxe1+
44.Kh2 Qf2+ 45.Kh1 Qf3+ 46.Qxf3 e2 47.Bd2 Rb1+ 48.Kg2 e1=N+ 49.Bxe1 Rbxe1
50.Qh5 R1e2+ 51.Kf1 Re1+ 52.Kg2 R1e2+ 53.Kf1 Re1+ 54.Kg2  1/2-1/2

[Event "Open A"]
[Site "Krakow POL"]
[Date "2004.12.28"]
[Round "2"]
[White "Szelag,M"]
[Black "Stoma,P"]
[Result "1-0"]
[WhiteElo "2476"]
[BlackElo "2301"]

1.e4 c5 2.Nf3 Nc6 3.d4 cxd4 4.Nxd4 Qc7 5.Nc3 e6 6.Be2 a6 7.O-O Nf6 8.Be3 Be7
9.f4 d6 10.Qe1 O-O 11.Qg3 Nxd4 12.Bxd4 b5 13.a3 Bb7 14.Kh1 Bc6 15.Rae1 Rad8
16.Bd3 Qb7 17.b4 g6 18.f5 e5 19.Be3 Nh5 20.Qg4 Bf6 21.Bh6 Bg7 22.Bxg7 Kxg7
23.Re3 f6 24.Nd5 Qd7 25.Rh3 Bxd5 26.Rxh5 Bf7 27.Rf3 g5 28.Rxg5+ fxg5 29.Qxg5+ Bg6
30.h4 Kh8 31.fxg6 Rxf3 32.gxf3 hxg6 33.Kh2 Kg7 34.h5 Qe8 35.f4 exf4 36.e5 dxe5
37.Bxg6 Rd2+ 38.Kh3 Qd8 39.h6+ Kg8 40.Bh7+ Kf7 41.Qg7+ Ke6 42.Bg8+ Kd6 43.Qg6+ Kc7
44.h7 Qd7+ 45.Qe6 Qg7 46.Qf7+ Qxf7 47.Bxf7 Rd1 48.Bd5 f3 49.Bxf3 Rd8 50.Bd5 Rh8
51.Bg8  1-0

[Event "HSK IM"]
[Site "Hamburg GER"]
[Date "2005.01.02"]
[Round "1"]
[White "Lanka,Z"]
[Black "Sawadkuhi,M"]
[Result "1-0"]
[WhiteElo "2455"]
[BlackElo "2310"]


1.e4 c5 2.Nf3 Nc6 3.d4 cxd4 4.Nxd4 Qb6 5.Nb3 Nf6 6.Nc3 e6 7.Bd3 Be7 8.Qe2 d6
9.f4 a6 10.Be3 Qc7 11.O-O-O b5 12.g4 Bb7 13.g5 Nd7 14.Kb1 Nc5 15.Rc1 Nb4
16.Rhg1 Rc8 17.h4 Nbxd3 18.cxd3 Nxb3 19.axb3 Qd7 20.h5 O-O 21.Bd2 d5 22.e5 b4
23.Na4 Qb5 24.f5 exf5 25.e6 fxe6 26.Qxe6+ Kh8 27.Qxe7 Qxd3+ 28.Ka2  1-0

[Event "Open A"]
[Site "Krakow POL"]
[Date "2005.01.03"]
[Round "8"]
[White "Stuczynski,A"]
[Black "Di Paolo,R"]
[Result "0-1"]
[WhiteElo "2207"]
[BlackElo "2323"]

1.e4 c5 2.Nf3 Nc6 3.d4 cxd4 4.Nxd4 Qc7 5.Nc3 e6 6.Be2 a6 7.O-O Nf6 8.Be3 Bb4
9.Nxc6 bxc6 10.Na4 Be7 11.Nb6 Rb8 12.Nxc8 Qxc8 13.b3 Nxe4 14.Qd3 f5 15.Bd4 O-O
16.Qxa6 Qc7 17.Qd3 c5 18.Bb2 d5 19.c4 d4 20.f3 Nf6 21.f4 g5 22.fxg5 Ne4 23.h4 Bd6
24.Qh3 Bf4 25.Bc1 Ng3 26.Re1 Be3+ 27.Bxe3 dxe3 28.Bf3 Qe5 29.Kh2 Ne4+ 30.g3 Rbd8
31.Bxe4 fxe4 32.Rg1 Rd2+ 33.Kh1 Rff2 34.Rae1 Qf5 35.g4 Qf3+  0-1